000 01353cam a22003131i 4500
003 SA-RiAUC
005 20250911113601.0
008 250906s2010____su g b f00010 ara c
020 _a9789960556383
040 _aSA-JeALM
_bara
_cSA-RiAUC
_erda
041 1 _aara
_hund
043 _aa-su---
072 7 _a089
082 0 4 _a953.09531
_qSA-RiAUC
090 _a953.09531
_bم ر ا
245 0 0 _aمراسلات الباب العالي إلى ولاية الحجاز في الأرشيف العالي :
_bدفتر العينات رقم 873 (1283-1291 هـ / 1866-1875 م) /
_cترجمة وتعليق سهيل صابان.
250 _aالطبعة الأولى.
264 1 _aالرياض :
_bجامعة الملك سعود، النشر العلمي والمطابع،
_c2010
300 _a510 صفحة ؛
_c24 سم
336 _aنص
_btxt
_2rdacontent
_3كتاب
337 _aبدون وسيط
_bn
_2rdamedia
338 _aمجلد
_bnc
_2rdacarrier
500 _aإهداء من سهيل صابان بتاريخ 1432/2/7 هـ
504 _aببليوجرافية : صفحة 501-502.
651 7 _aالحجاز (السعودية)
_xتاريخ
_yالحكم العثماني، 922-1214 هجري.
_2aucsh
700 1 _aصابان، سهيل محمد،
_d1960-
_eمترجم.
942 _2ddc
_cBOOK
_n0
949 _aSA-JeALM
_d250906
_umohamedma123
_n1
999 _c11611
_d11611